| 000 | 00659nam a2200193 u 4500 | ||
|---|---|---|---|
| 005 | 20210223132002.0 | ||
| 008 | 130206s2012 r 000 0 eng d | ||
| 020 | _a9786077637288 | ||
| 035 | _aUPN01000189404 | ||
| 049 | _aCG | ||
| 050 | 4 |
_aRA408 M5 _bS2.4 |
|
| 245 | 0 | 3 |
_aLa salud y la migración en México / _ccoord. Alfonso Mejía Modesto. |
| 260 |
_aToluca : _bGobierno del Estado de México : _bUniversidad Autónoma del Estado de México, _c2012. |
||
| 300 |
_a255 p. : _bcuadros, gráfs. |
||
| 650 | 4 |
_aINMIGRANTES - _xSALUD E HIGIENE - _zMEXICO _919979 |
|
| 700 | 1 |
_aMejía Modesto, Alfonso, _ecoord. _933298 |
|
| 905 | _aLibro | ||
| 999 |
_c161507 _d161507 |
||